Postaw na milion 193 - Statystyki

Ogólne statystyki
  • Ten quiz został rozwiązany 11 razy
  • Średni wynik to 5 z 12
Statystyki odpowiedzi
Zagadnienie Odpowiedź % Poprawnych
Słynny stadion Maracanã, niegdyś jeden z największych na świecie, znajduje się w... Brazylii
90%
Walutą Korei północnej jest... won
90%
Kiedy chcemy koledze lub koleżance napisać w wiadomości tekstowej, że szczerze się z czegoś uśmialiśmy, użyjemy skrótu: ROTFL
80%
Powieść "Chłopi", która przyniosła Reymontowi Nagrodę Nobla, rozpoczyna się od... jesieni
50%
Ile sekund ma doba? 86400
40%
Boysband One Direction spopularyzował wśród młodych utwór "One way or another", którego pierwszym wykonawcą był zespół: Blondie
30%
Która z tych znanych aktorek nie była żoną Ryana Reynoldsa? Anna Faris
20%
Której fontanny nie zobaczymy w Rzymie? Mórz
20%
Maleńkie zwierzęta, które są rekordzistami odporności na wysychanie i wszelkie inne niesprzyjające warunki środowiska to: niesporczaki
20%
Jak nazywano obszerne, luźne okrycie kobiece, używane w domu, zwłaszcza przy porannej toalecie? peniuar
20%
Osoby pytane przez CBOS w 2017 roku czy są zadowolone ze swojej sylwetki i wyglądu zewnętrznego, odpowiedziały w większości: tak
20%
Z czego zrobiony był król z kołysanki dla dzieci "Był sobie król"? z cukru
20%
Nie znaleziono quizów pasujących do podanych kryteriów
Rozkład punktacji
Procent ludzi z każdym wynikiem
Percentyl według liczby udzielonych odpowiedzi
Twoja historia wyników
Nie rozwiązałeś tego quizu